[Event "IECC O-4886"]
[Site "IECC email"]
[Date "2020.04.19"]
[Round "?"]
[White "Bernardara, Enos"]
[Black "Soileau, Clany"]
[Result "1/2-1/2"]
[WhiteElo "1318"]
[BlackElo "1231"]
[PlyCount "52"]
[EventDate "2020.??.??"]
[EventType "swiss (corr)"]
[EventRounds "2"]
[SourceTitle "Corr 2024"]
[Source "ChessBase"]
[SourceDate "2023.10.19"]
[SourceVersion "1"]
[SourceVersionDate "2023.10.19"]
[SourceQuality "1"]
[WhiteTeam "Italien"]
[BlackTeam "Vereinigte Staaten"]
[WhiteTeamCountry "ITA"]
[BlackTeamCountry "USA"]

1. Nf3 Nc6 2. g3 Nf6 3. Bg2 e5 4. d3 d5 5. 0-0 Bc5 6. Nc3 a6 7. a3 Bg4 8. e4 Nd4 9. b4 Ba7 10. Re1 Bxf3 11. Bxf3 Nxf3+ 12. Qxf3 Bd4 13. Bb2 Qd7 14. Rab1 Bxc3 15. Bxc3 d4 16. Bb2 0-0-0 17. Qf5 h5 18. Qxe5 Kb8 19. Red1 Qh3 20. f3 h4 21. Qf5 hxg3 22. Qxh3 Rxh3 23. hxg3 Rdh8 24. g4 Rxf3 25. Kg2 Rhh3 26. Bxd4 Rhg3+ 1/2-1/2

[Event "IECC O-4510"]
[Site "IECC email"]
[Date "2017.03.23"]
[Round "?"]
[White "Soileau, Clany"]
[Black "Swiger, Eric Dean"]
[Result "1-0"]
[WhiteElo "1229"]
[BlackElo "1200"]
[PlyCount "49"]
[EventDate "2017.??.??"]
[EventType "swiss (corr)"]
[EventRounds "2"]
[SourceTitle "Corr 2020"]
[Source "ChessBase"]
[SourceDate "2019.09.30"]
[SourceVersion "1"]
[SourceVersionDate "2019.09.30"]
[SourceQuality "1"]
[WhiteTeam "United States"]
[BlackTeam "United States"]
[WhiteTeamCountry "USA"]
[BlackTeamCountry "USA"]

1. e4 e5 2. f4 exf4 3. Nf3 g5 4. h4 g4 5. Nd4 Bg7 6. Nb5 d6 7. N1c3 Nf6 8. d4 Nc6 9. Bxf4 0-0 10. Qd2 Re8 11. 0-0-0 Be6 12. d5 Bd7 13. dxc6 Bxc6 14. Bd3 Nxe4 15. Nxe4 Bxe4 16. Rhe1 Bxd3 17. Rxe8+ Qxe8 18. Nxc7 Qc8 19. Nxa8 Bf5 20. c3 Qxa8 21. Bh6 Qf8 22. Bxg7 Qxg7 23. Qxd6 Qf8 24. Qf6 Qg7 25. Rd8+ 1-0

[Event "TH-S-0925"]
[Site "IECC email"]
[Date "2016.07.04"]
[Round "?"]
[White "Netto, Alexandre Vasconcel"]
[Black "Soileau, Clany"]
[Result "1/2-1/2"]
[WhiteElo "1323"]
[BlackElo "1244"]
[PlyCount "62"]
[EventDate "2016.??.??"]
[EventType "tourn (corr)"]
[SourceTitle "Corr 2020"]
[Source "ChessBase"]
[SourceDate "2019.09.30"]
[SourceVersion "1"]
[SourceVersionDate "2019.09.30"]
[SourceQuality "1"]
[WhiteTeam "Brazil"]
[BlackTeam "United States"]
[WhiteTeamCountry "BRA"]
[BlackTeamCountry "USA"]

1. e4 e6 2. Nf3 d5 3. e5 c5 4. b4 cxb4 5. d4 Nc6 6. Be2 g6 7. a3 Bg7 8. axb4 Nxb4 9. Ba3 Nc6 10. 0-0 Nge7 11. Nc3 0-0 12. Nb5 f6 13. Bd6 Bd7 14. c4 a6 15. Nc3 Rf7 16. Rb1 Nc8 17. cxd5 exd5 18. Nxd5 Nxd6 19. exd6 Bf5 20. Bc4 Bxb1 21. Nc7 Rb8 22. Bxf7+ Kh8 23. Qxb1 Qxd6 24. Ne8 Qe7 25. Nxg7 Qxf7 26. Nf5 gxf5 27. Qxf5 Rd8 28. Rc1 Nxd4 29. Nxd4 Rxd4 30. Rc8+ Kg7 31. h3 Rd7 1/2-1/2

[Event "IECC O-4217"]
[Site "IECC email"]
[Date "2016.02.24"]
[Round "?"]
[White "Soileau, Clany"]
[Black "Hutton, Andrew"]
[Result "1-0"]
[WhiteElo "1243"]
[BlackElo "1250"]
[PlyCount "35"]
[EventDate "2016.??.??"]
[EventType "swiss (corr)"]
[EventRounds "2"]
[SourceTitle "Corr 2020"]
[Source "ChessBase"]
[SourceDate "2019.09.30"]
[SourceVersion "1"]
[SourceVersionDate "2019.09.30"]
[SourceQuality "1"]
[WhiteTeam "United States"]
[BlackTeam "Hong Kong"]
[WhiteTeamCountry "USA"]
[BlackTeamCountry "HKG"]

1. e4 g6 2. d4 Bg7 3. Nc3 a6 4. Nf3 d6 5. Be3 b5 6. Bd3 Nc6 7. Qd2 Bd7 8. a3 e5 9. d5 Na7 10. h3 Ne7 11. Bh6 0-0 12. h4 c5 13. h5 c4 14. Bxg7 Kxg7 15. hxg6 hxg6 16. Qh6+ Kf6 17. Be2 Ng8 18. Qh4+ 1-0

[Event "IECC O-4183"]
[Site "IECC email"]
[Date "2016.01.29"]
[Round "?"]
[White "Netto, Alexandre Vasconcel"]
[Black "Soileau, Clany"]
[Result "1-0"]
[WhiteElo "1300"]
[BlackElo "1256"]
[PlyCount "39"]
[EventDate "2016.??.??"]
[EventType "swiss (corr)"]
[EventRounds "2"]
[SourceTitle "Corr 2020"]
[Source "ChessBase"]
[SourceDate "2019.09.30"]
[SourceVersion "1"]
[SourceVersionDate "2019.09.30"]
[SourceQuality "1"]
[WhiteTeam "Brazil"]
[BlackTeam "United States"]
[WhiteTeamCountry "BRA"]
[BlackTeamCountry "USA"]

1. e4 Nc6 2. f4 e5 3. Bc4 Nf6 4. Nf3 exf4 5. e5 Ng4 6. d4 d6 7. h3 Nh6 8. 0-0 d5 9. Bb3 g5 10. c4 dxc4 11. Bxc4 g4 12. hxg4 Bxg4 13. Bb5 a6 14. Bxc6+ bxc6 15. Qa4 Bd7 16. Qc4 Nf5 17. Bxf4 Bh6 18. Bxh6 Nxh6 19. Nc3 f5 20. e6 1-0

[Event "IECC M1-2015.T009"]
[Site "IECC email"]
[Date "2015.04.11"]
[Round "?"]
[White "Klawitter, Bernd"]
[Black "Soileau, Clany"]
[Result "1-0"]
[WhiteElo "1198"]
[BlackElo "1252"]
[PlyCount "53"]
[EventDate "2015.??.??"]
[EventType "match (corr)"]
[EventRounds "2"]
[SourceTitle "Corr 2020"]
[Source "ChessBase"]
[SourceDate "2019.09.30"]
[SourceVersion "1"]
[SourceVersionDate "2019.09.30"]
[SourceQuality "1"]
[WhiteTeam "Germany"]
[BlackTeam "United States"]
[WhiteTeamCountry "GER"]
[BlackTeamCountry "USA"]

1. e4 Nc6 2. d4 e5 3. d5 Nce7 4. h4 h5 5. Be2 Ng6 6. Nf3 Nf6 7. Qd3 Bc5 8. Be3 Bxe3 9. fxe3 d6 10. Nbd2 Ng4 11. Nf1 b6 12. g3 Bb7 13. N1h2 Nxh2 14. Rxh2 Qd7 15. 0-0-0 a5 16. Qb3 Ba6 17. Bxa6 Rxa6 18. c4 0-0 19. Ng5 a4 20. Qd3 Ra5 21. Qe2 Rc5 22. Kb1 Qg4 23. Qxg4 hxg4 24. Rc2 Rc8 25. Rf1 f6 26. Ne6 Nf8 27. Nxc5 1-0

[Event "IECC M1-2015.T009"]
[Site "IECC email"]
[Date "2015.04.11"]
[Round "?"]
[White "Soileau, Clany"]
[Black "Klawitter, Bernd"]
[Result "1/2-1/2"]
[WhiteElo "1234"]
[BlackElo "1216"]
[PlyCount "93"]
[EventDate "2015.??.??"]
[EventType "match (corr)"]
[EventRounds "2"]
[SourceTitle "Corr 2020"]
[Source "ChessBase"]
[SourceDate "2019.09.30"]
[SourceVersion "1"]
[SourceVersionDate "2019.09.30"]
[SourceQuality "1"]
[WhiteTeam "United States"]
[BlackTeam "Germany"]
[WhiteTeamCountry "USA"]
[BlackTeamCountry "GER"]

1. e4 c6 2. Nf3 d6 3. d3 Nf6 4. g3 h6 5. Bg2 Bg4 6. 0-0 e5 7. Nbd2 Nbd7 8. h3 Be6 9. Nh2 Be7 10. b3 Qc7 11. Bb2 Nf8 12. Nc4 Bxc4 13. dxc4 Ng6 14. Ng4 Nxg4 15. Qxg4 Qd7 16. Qxd7+ Kxd7 17. Rad1 Kc7 18. Rd3 Rad8 19. Rfd1 f6 20. b4 Rhe8 21. a4 Nf8 22. b5 c5 23. a5 b6 24. axb6+ axb6 25. Ra1 Ra8 26. Rda3 Kb7 27. f4 Ne6 28. c3 Nc7 29. f5 Bf8 30. h4 Rxa3 31. Rxa3 Ra8 32. Rxa8 Nxa8 33. Kh2 Nc7 34. Kh3 Kc8 35. Kg4 Kd7 36. Kh5 Ne8 37. Kg6 Ke7 38. g4 Nc7 39. Bf1 Ne8 40. g5 fxg5 41. hxg5 hxg5 42. Bc1 Nf6 43. Bxg5 Kd7 44. Bxf6 gxf6 45. Kxf6 Bh6 46. Kf7 Kd8 47. f6 1/2-1/2

[Event "IECC M1-2013.T013"]
[Site "IECC email"]
[Date "2013.02.09"]
[Round "?"]
[White "Garau, Bernard"]
[Black "Soileau, Clany"]
[Result "1-0"]
[WhiteElo "1521"]
[BlackElo "1319"]
[PlyCount "31"]
[EventDate "2013.??.??"]
[EventType "match (corr)"]
[EventRounds "2"]
[SourceTitle "Corr 2020"]
[Source "ChessBase"]
[SourceDate "2019.09.30"]
[SourceVersion "1"]
[SourceVersionDate "2019.09.30"]
[SourceQuality "1"]
[WhiteTeam "France"]
[BlackTeam "United States"]
[WhiteTeamCountry "FRA"]
[BlackTeamCountry "USA"]

1. d4 Nc6 2. Nf3 d5 3. c4 Bg4 4. Nc3 Bxf3 5. exf3 Nf6 6. Bg5 e6 7. cxd5 exd5 8. Bb5 Be7 9. 0-0 0-0 10. Rc1 Nb8 11. Re1 c6 12. Bd3 Nbd7 13. Qb3 Nb6 14. a4 Rb8 15. a5 Nbd7 16. Bf4 1-0

[Event "IECC M1-2013.T012"]
[Site "IECC email"]
[Date "2013.02.09"]
[Round "?"]
[White "Soileau, Clany"]
[Black "Von Rosenberg, Clemens"]
[Result "1/2-1/2"]
[WhiteElo "1333"]
[BlackElo "1098"]
[PlyCount "24"]
[EventDate "2013.??.??"]
[EventType "match (corr)"]
[EventRounds "2"]
[SourceTitle "Corr 2020"]
[Source "ChessBase"]
[SourceDate "2019.09.30"]
[SourceVersion "1"]
[SourceVersionDate "2019.09.30"]
[SourceQuality "1"]
[WhiteTeam "United States"]
[BlackTeam "Germany"]
[WhiteTeamCountry "USA"]
[BlackTeamCountry "GER"]

1. Nf3 d5 2. g3 c6 3. Bg2 Nf6 4. d3 Nbd7 5. 0-0 e5 6. Bg5 Be7 7. Nbd2 0-0 8. Qe1 h6 9. Bxf6 Bxf6 10. e4 d4 11. Nc4 Qc7 12. h3 c5 1/2-1/2

[Event "IECC M1-2013.T012"]
[Site "IECC email"]
[Date "2013.02.09"]
[Round "?"]
[White "Von Rosenberg, Clemens"]
[Black "Soileau, Clany"]
[Result "1/2-1/2"]
[WhiteElo "1088"]
[BlackElo "1343"]
[PlyCount "29"]
[EventDate "2013.??.??"]
[EventType "match (corr)"]
[EventRounds "2"]
[SourceTitle "Corr 2020"]
[Source "ChessBase"]
[SourceDate "2019.09.30"]
[SourceVersion "1"]
[SourceVersionDate "2019.09.30"]
[SourceQuality "1"]
[WhiteTeam "Germany"]
[BlackTeam "United States"]
[WhiteTeamCountry "GER"]
[BlackTeamCountry "USA"]

1. c4 Nc6 2. d4 e5 3. d5 Nce7 4. e4 Ng6 5. a3 Nf6 6. Nc3 Be7 7. Nf3 d6 8. Be2 0-0 9. 0-0 a6 10. h3 Nd7 11. Be3 Nh4 12. Nxh4 Bxh4 13. b4 Bg5 14. Bxg5 Qxg5 15. Qc1 1/2-1/2

[Event "IECC M1-2013.T008"]
[Site "IECC email"]
[Date "2013.01.30"]
[Round "?"]
[White "Soileau, Clany"]
[Black "Von Rosenberg, Clemens"]
[Result "0-1"]
[WhiteElo "1364"]
[BlackElo "1067"]
[PlyCount "40"]
[EventDate "2013.??.??"]
[EventType "match (corr)"]
[EventRounds "2"]
[SourceTitle "Telechess CBM 165"]
[Source "ChessBase"]
[SourceDate "2015.03.11"]
[SourceVersion "1"]
[SourceVersionDate "2015.03.11"]
[SourceQuality "1"]
[WhiteTeam "US of America"]
[WhiteTeamCountry "USA"]

1. e4 c5 2. Nf3 d6 3. d3 Bg4 4. Nbd2 e6 5. g3 Nf6 6. Bg2 Be7 7. 0-0 0-0 8. Re1 Nc6 9. c3 Ne5 10. Qc2 Nxf3+ 11. Nxf3 h6 12. h3 Bxf3 13. Bxf3 Rc8 14. e5 Nd5 15. Bxd5 exd5 16. exd6 Bxd6 17. Be3 Qc7 18. d4 c4 19. Re2 Bxg3 20. Bxh6 Bh2+ 0-1

[Event "IECC CL6-2011.02 email"]
[Site "IECC email"]
[Date "2011.03.02"]
[Round "?"]
[White "Baez, Jorge Luis"]
[Black "Soileau, Clany"]
[Result "1-0"]
[WhiteElo "1453"]
[BlackElo "1300"]
[PlyCount "41"]
[EventDate "2011.??.??"]
[EventType "tourn (corr)"]
[EventRounds "4"]
[SourceTitle "Telechess CBM 149"]
[Source "ChessBase"]
[SourceDate "2012.07.17"]
[SourceVersion "1"]
[SourceVersionDate "2012.07.17"]
[SourceQuality "1"]
[BlackTeam "US of America"]
[BlackTeamCountry "USA"]

1. d4 Nc6 2. e3 e6 3. Bb5 Nf6 4. Nf3 a6 5. Bxc6 dxc6 6. 0-0 Bd6 7. Re1 0-0 8. Nc3 c5 9. a3 cxd4 10. exd4 h6 11. b4 b6 12. Rb1 Bb7 13. Ne5 Qe7 14. Qd3 c5 15. dxc5 bxc5 16. Nc4 Bc7 17. bxc5 Rfd8 18. Nd6 Bc6 19. Bf4 Ne8 20. Rbd1 f6 21. Qc4 1-0

[Event "IECC CL6-2011.02 email"]
[Site "IECC email"]
[Date "2011.03.02"]
[Round "?"]
[White "Soileau, Clany"]
[Black "D'Aragona, Vittoria"]
[Result "0-1"]
[WhiteElo "1286"]
[BlackElo "1397"]
[PlyCount "48"]
[EventDate "2011.??.??"]
[EventType "tourn (corr)"]
[EventRounds "4"]
[SourceTitle "Telechess CBM 145"]
[Source "Chessbase"]
[SourceDate "2011.11.11"]
[SourceVersion "1"]
[SourceVersionDate "2011.11.11"]
[SourceQuality "1"]
[WhiteTeam "US of America"]
[BlackTeam "Italy"]
[WhiteTeamCountry "USA"]
[BlackTeamCountry "ITA"]

1. e4 e6 2. Nf3 Nc6 3. d3 Nf6 4. g3 Be7 5. Bg2 d5 6. e5 Nd7 7. d4 0-0 8. c3 f6 9. exf6 Rxf6 10. Bg5 Rf7 11. Bxe7 Qxe7 12. 0-0 Nb6 13. Nbd2 Bd7 14. Re1 Raf8 15. Re2 Qf6 16. Qc2 Qh6 17. Rf1 e5 18. Nxe5 Nxe5 19. Rxe5 Bf5 20. Qd1 Bd3 21. Rfe1 Rxf2 22. Nf3 Bc2 23. Qa1 R8xf3 24. Bxf3 Qxh2# 0-1

[Event "IECC M1-2011.T018"]
[Site "IECC email"]
[Date "2011.02.28"]
[Round "?"]
[White "Schmidt, Fabian"]
[Black "Soileau, Clany"]
[Result "1/2-1/2"]
[WhiteElo "1100"]
[BlackElo "1298"]
[PlyCount "24"]
[EventDate "2011.??.??"]
[EventType "match (corr)"]
[EventRounds "2"]
[SourceTitle "Corr 2020"]
[Source "ChessBase"]
[SourceDate "2019.09.30"]
[SourceVersion "1"]
[SourceVersionDate "2019.09.30"]
[SourceQuality "1"]
[WhiteTeam "Germany"]
[BlackTeam "United States"]
[WhiteTeamCountry "GER"]
[BlackTeamCountry "USA"]

1. e4 Nc6 2. Nf3 d6 3. d4 Nf6 4. Nc3 Bg4 5. Be2 e6 6. 0-0 Be7 7. Bf4 h6 8. h3 g5 9. Be3 Bh5 10. d5 exd5 11. exd5 Bxf3 12. Bxf3 Ne5 1/2-1/2

[Event "IECC CL6-2009.08 email"]
[Site "IECC email"]
[Date "2009.04.17"]
[Round "?"]
[White "Soileau, Clany"]
[Black "Cook, Phil"]
[Result "0-1"]
[WhiteElo "1202"]
[BlackElo "1283"]
[PlyCount "54"]
[EventDate "2009.??.??"]
[EventType "tourn (corr)"]
[EventRounds "4"]
[SourceTitle "Corr 2011"]
[Source "ChessBase"]
[SourceDate "2010.08.31"]
[SourceVersion "1"]
[SourceVersionDate "2010.08.31"]
[SourceQuality "1"]
[WhiteTeam "US of America"]
[BlackTeam "New Zealand"]
[WhiteTeamCountry "USA"]
[BlackTeamCountry "NZL"]

1. Nf3 Nf6 2. g3 e6 3. d3 d5 4. Nbd2 Bd6 5. Bg2 0-0 6. 0-0 Nc6 7. Re1 e5 8. e4 dxe4 9. dxe4 Qe7 10. h3 Rd8 11. c3 a5 12. Qc2 Be6 13. Nf1 h6 14. Ne3 Qd7 15. g4 h5 16. g5 Ne8 17. Kh2 Ne7 18. Nh4 Bc5 19. Rd1 Nd6 20. Qe2 Qa4 21. Qxh5 Nxe4 22. Rxd8+ Rxd8 23. g6 Nf6 24. gxf7+ Bxf7 25. Qg5 Qf4+ 26. Qxf4 exf4 27. Nc2 Bxf2 0-1

[Event "IECC M1-2009.T43"]
[Site "IECC email"]
[Date "2009.04.14"]
[Round "?"]
[White "Lannoy, Jean Claude Albert"]
[Black "Soileau, Clany"]
[Result "1-0"]
[WhiteElo "1300"]
[BlackElo "1218"]
[PlyCount "35"]
[EventDate "2009.??.??"]
[EventType "match (corr)"]
[EventRounds "2"]
[SourceTitle "Corr 2011"]
[Source "ChessBase"]
[SourceDate "2010.08.31"]
[SourceVersion "1"]
[SourceVersionDate "2010.08.31"]
[SourceQuality "1"]
[WhiteTeam "Belgium"]
[BlackTeam "US of America"]
[WhiteTeamCountry "BEL"]
[BlackTeamCountry "USA"]

1. f4 Nc6 2. Nf3 d5 3. e3 Nf6 4. Be2 e6 5. 0-0 Bc5 6. d4 Be7 7. c4 0-0 8. Nc3 Bb4 9. Bd2 Bxc3 10. Bxc3 Ne4 11. Qc2 Ne7 12. Bb4 Re8 13. Bd3 Nf5 14. Bxe4 Nxe3 15. Bxh7+ Kh8 16. Qe2 Nxf1 17. Ng5 Qf6 18. Qh5 1-0

[Event "IECC M1-2009.T43"]
[Site "IECC email"]
[Date "2009.04.14"]
[Round "?"]
[White "Soileau, Clany"]
[Black "Lannoy, Jean Claude Albert"]
[Result "0-1"]
[WhiteElo "1194"]
[BlackElo "1324"]
[PlyCount "52"]
[EventDate "2009.??.??"]
[EventType "match (corr)"]
[EventRounds "2"]
[SourceTitle "Corr 2011"]
[Source "ChessBase"]
[SourceDate "2010.08.31"]
[SourceVersion "1"]
[SourceVersionDate "2010.08.31"]
[SourceQuality "1"]
[WhiteTeam "US of America"]
[BlackTeam "Belgium"]
[WhiteTeamCountry "USA"]
[BlackTeamCountry "BEL"]

1. Nf3 f5 2. g3 Nf6 3. Bg2 e6 4. b3 Be7 5. Bb2 0-0 6. Nc3 c5 7. 0-0 Nc6 8. Re1 d5 9. e3 Bd7 10. Ne2 Qc7 11. d4 Rac8 12. Rc1 Rfd8 13. dxc5 Bxc5 14. Bxf6 gxf6 15. c4 dxc4 16. Rxc4 Nb4 17. Qb1 Bb5 18. Rh4 Qf7 19. Nfd4 Bd3 20. Qb2 e5 21. Nf3 Nc2 22. b4 Be7 23. Bf1 Nxe1 24. Nxe1 Bc4 25. Qb1 Bxa2 26. Qxf5 Be6 0-1

[Event "IECC O email"]
[Site "IECC email"]
[Date "2003.07.30"]
[Round "?"]
[White "Dimaliwat, Belinda"]
[Black "Soileau, Clany"]
[Result "1/2-1/2"]
[WhiteElo "1283"]
[BlackElo "1210"]
[PlyCount "45"]
[EventDate "2003.??.??"]
[EventType "tourn (corr)"]
[EventRounds "6"]
[SourceTitle "Corr 2008"]
[Source "ChessBase"]
[SourceDate "2008.06.24"]
[SourceVersion "1"]
[SourceVersionDate "2008.06.24"]
[SourceQuality "1"]

1. e4 e5 2. Nf3 d6 3. d4 exd4 4. Qxd4 Nc6 5. Bb5 Bd7 6. Bxc6 Bxc6 7. Nc3 Nf6 8. Bg5 Be7 9. 0-0-0 0-0 10. h4 h6 11. Bxf6 Bxf6 12. Qe3 Re8 13. Nd5 Bxd5 14. Rxd5 Be5 15. Nxe5 Rxe5 16. Rhd1 Rxd5 17. exd5 Qxh4 18. g3 Qd8 19. Re1 Kf8 20. f4 Qd7 21. c4 Re8 22. Qd2 Rxe1+ 23. Qxe1 1/2-1/2